|
|
|
|
| LEADER |
00972nam a2200313 4500 |
| 001 |
DLU090068746 |
| 005 |
##20070723122008.0 |
| 008 |
##990413s2000 flua b 001 0 eng |
| 010 |
# |
# |
|a 99029646
|
| 020 |
# |
# |
|a 0849331366 (alk. paper)
|
| 035 |
# |
# |
|9 (DLC) 99029646
|
| 040 |
# |
# |
|a DLC
|c DLC
|d DLC
|
| 042 |
# |
# |
|a pcc
|
| 050 |
# |
# |
|a S591
|b .H23 2000
|
| 082 |
# |
# |
|a 631.4
|2 21
|
| 245 |
# |
# |
|a Handbook of soil science /
|c editor-in-chief, Malcolm E. Sumner.
|
| 260 |
# |
# |
|a Boca Raton, Fla :
|b CRC Press,
|c c2000.
|
| 300 |
# |
# |
|a 1 v. (various pagings) :
|b ill. ;
|c 26 cm.
|
| 504 |
# |
# |
|a Includes bibliographical references.
|
| 650 |
# |
# |
|a Soil science
|v Handbooks, manuals, etc.
|
| 700 |
# |
# |
|a Sumner, M. E.
|q (Malcolm E.),
|d 1933-
|
| 856 |
# |
# |
|3 Publisher description
|u http://www.loc.gov/catdir/enhancements/fy0731/99029646-d.html
|
| 994 |
# |
# |
|a DLU
|
| 900 |
# |
# |
|a True
|
| 925 |
# |
# |
|a G
|
| 926 |
# |
# |
|a A
|
| 927 |
# |
# |
|a SH
|
| 980 |
# |
# |
|a Thư viện Trường Đại học Đà Lạt
|